000 00995nam a22002537a 4500
005 20240530110616.0
008 161129s2015 ua a g b 000 0 ara d
017 _a2015/15045
_bمصر. دار الكتب
020 _a9789777220552
040 _aEG-CaGPL
_cEG-CaGPL
082 0 4 _221
_a370.1524\
_bط ب
100 0 _aطارق عبدالرؤوف عامر .
245 1 0 _aبرنامج الكورت و القبعات الست للتفكير :
_bبناء الشخصية المبدعة /
_cطارق عبدالرؤوف عامر .
250 _aط.1
260 _aالقاهرة :
_bالمجموعة العربية للتدريب و النشر ،
_c2015 .
300 _a314 ص ؛
_c24 سم .
504 _aببليوجرافية : 301 - 314
650 0 7 _2qrmak
_aتنمية المهارات العقلية .
650 0 7 _2qrmak
_aالقدرة العقلية .
650 0 7 _2qrmak
_aالتفكير .
651 _2qrmak
942 _2ddc
_cBK
999 _c62962
_d62962